| 000 | 005140000a22001570004500 | ||
|---|---|---|---|
| 003 | MACL | ||
| 005 | 20180227125918.0 | ||
| 008 | 180227b xxu||||| |||| 00| 0 eng d | ||
| 040 | _cmacl | ||
| 100 |
_aनर्मदा प्रसाद इन्दुरख्या _919972 |
||
| 245 | _aमहापुरूषो की कथांए | ||
| 260 |
_bराकेश साहित्य _c2008 |
||
| 350 | _a20 | ||
| 650 |
_aचिल्ड्रन _970814 |
||
| 942 |
_cHIN _k741.642/IND _2ddc |
||
| 999 |
_c41625 _d41625 |
||